000 00231nam a2200109Ia 4500
008 190216s9999||||xx |||||||||||||| ||und||
100 _aGour V P
245 0 _aIncom Tax
260 _bKalyani Pub:-
650 _aCommerce
942 _cBK
999 _c6893
_d6893